000 00610nam a2200217Ia 4500
003 OSt
005 20220928134805.0
006 a|||||r|||| 00| 0
007 ta
008 220927b |||||||| |||| 00| 0 eng d
024 _a37277
037 _cReference Collections
040 _aSDCL
_cSDCL
_beng
041 _2eng
_aeng
082 _aX:5381n1, P03, P3.1-.2 RR
100 _aUNCTAD
245 0 _aCommodity yearbook 2003.
260 _aNew York
_b United Nations
_c2003
942 _hX:5381n1, P03, P3.1-.2 RR
_cREF
_2CC
999 _c803292
_d803292